|
|
|
|
| LEADER |
00000nkm a2200000 a 4500 |
| 001 |
vtls011843134 |
| 003 |
SK-MaSNL |
| 005 |
20260331211740.0 |
| 007 |
kf bo |
| 008 |
230718s1970 xo g kuslo |
| 015 |
|
|
|a SNBG1970
|
| 035 |
|
|
|a urn:nbn:sk:snk-km00dvy1
|
| 035 |
|
|
|a urn:nbn:sk:snk-km3ls44
|
| 035 |
|
|
|a 907216D1-F3D3-42DB-BFE1-F43448DD3CBA
|
| 040 |
|
|
|a SNK
|b slo
|c SNK
|e AACR2
|
| 041 |
0 |
|
|a slo
|
| 043 |
|
|
|a e-xo---
|
| 044 |
|
|
|a xo
|c SK
|
| 072 |
|
7 |
|a 913
|x Regionálna geografia
|2 konspekt
|
| 080 |
|
|
|a 913(437.6)
|2 2011
|
| 080 |
|
|
|a 614.214
|2 2011
|
| 080 |
|
|
|a (084.121)
|2 2011
|
| 080 |
|
|
|a 728.61
|2 2011
|
| 100 |
1 |
|
|a Baláž, Amon
|c (fotograf)
|4 pht
|9 338815
|
| 245 |
1 |
0 |
|a Kráľova Lehota
|h grafika
|b okr. Liptovský Mikuláš : Zotavova Čs. plavby dunajskej, n. p.
|c foto Amon Baláž
|
| 260 |
|
|
|a Bratislava
|b Epocha
|c 1970
|
| 300 |
|
|
|a 1 pohľadnica
|b čiernobiela
|c 11 x 15 cm
|
| 520 |
8 |
|
|a Zobrazenie: Pohľad na malé chatky vľavo aj v pozadí. Vpravo je prázdna plocha. V pozadí za chatkami vidno vysoké stromy zmiešaného lesa. Vľavo tesne za chatkami vyčnievajú dva ihličnaté stromy
|
| 650 |
0 |
7 |
|a zotavovne
|2 SNKPH
|9 161874
|
| 650 |
0 |
7 |
|a chaty
|2 SNKPH
|9 29339
|
| 651 |
|
7 |
|a Kráľova Lehota (Slovensko)
|2 SNKPHgeo
|9 89639
|
| 655 |
|
7 |
|a miestne pohľadnice
|2 SNKPH
|9 70510
|
| 852 |
|
|
|a Slovenská národná knižnica
|
| 954 |
|
|
|a pohľadnice pôvodné (slovenské)
|2 lita
|
| 958 |
|
|
|a GBN
|
| 958 |
|
|
|a GC
|
| 958 |
|
|
|a OND
|
| 958 |
|
|
|a EUIPO
|
| 999 |
|
|
|c 1116921
|d 1118851
|
| 952 |
|
|
|a SNK
|b SNK
|y PREZ
|7 0
|p 17A1276070
|o snkSP 47485
|0 0
|1 0
|4 0
|d 2019-02-27
|f 1
|l 0
|r 2026-02-24 18:19:34
|w 2026-02-24
|